<?xml version="1.0" encoding="UTF-8"?>
<record
    xmlns:xsi="http://www.w3.org/2001/XMLSchema-instance"
    xsi:schemaLocation="http://www.loc.gov/MARC21/slim http://www.loc.gov/standards/marcxml/schema/MARC21slim.xsd"
    xmlns="http://www.loc.gov/MARC21/slim">

  <leader>02514nam a2200265 a 4500</leader>
  <controlfield tag="001">991025953549706706</controlfield>
  <controlfield tag="005">20250514140816.0</controlfield>
  <controlfield tag="008">040618s2003    spc||||||     000 f|spa  </controlfield>
  <datafield tag="020" ind1=" " ind2=" ">
    <subfield code="a">9788497594455</subfield>
  </datafield>
  <datafield tag="035" ind1=" " ind2=" ">
    <subfield code="a">(ES-BaCBU).b31541252</subfield>
  </datafield>
  <datafield tag="035" ind1=" " ind2=" ">
    <subfield code="a">(OCoLC)803668027</subfield>
  </datafield>
  <datafield tag="040" ind1=" " ind2=" ">
    <subfield code="a">ES-BaBC</subfield>
    <subfield code="b">cat</subfield>
    <subfield code="c">ES-BaBC</subfield>
  </datafield>
  <datafield tag="041" ind1=" " ind2=" ">
    <subfield code="a">spa</subfield>
  </datafield>
  <datafield tag="050" ind1=" " ind2=" ">
    <subfield code="a">PQ6672.A89 </subfield>
    <subfield code="b">E74 2002</subfield>
  </datafield>
  <datafield tag="100" ind1=" " ind2=" ">
    <subfield code="a">V&#xE1;zquez Montalb&#xE1;n, Manuel</subfield>
    <subfield code="d">1939-2003</subfield>
    <subfield code="9">7773</subfield>
    <subfield code="e">author</subfield>
  </datafield>
  <datafield tag="245" ind1="1" ind2="0">
    <subfield code="a">Erec y Enide</subfield>
    <subfield code="c">/ Manuel V&#xE1;zquez Montalb&#xE1;n.</subfield>
  </datafield>
  <datafield tag="260" ind1=" " ind2=" ">
    <subfield code="a">Barcelona :</subfield>
    <subfield code="b">Debolsillo,</subfield>
    <subfield code="c">2003.</subfield>
  </datafield>
  <datafield tag="300" ind1=" " ind2=" ">
    <subfield code="a">252 pages ;</subfield>
    <subfield code="c">19 cm</subfield>
  </datafield>
  <datafield tag="490" ind1=" " ind2=" ">
    <subfield code="a">Best seller ;</subfield>
    <subfield code="v">511</subfield>
  </datafield>
  <datafield tag="490" ind1=" " ind2=" ">
    <subfield code="a">Biblioteca Manuel V&#xE1;zquez Montalb&#xE1;n ;</subfield>
    <subfield code="v">1</subfield>
  </datafield>
  <datafield tag="520" ind1=" " ind2=" ">
    <subfield code="a">Tres historias que se entrecruzan; tres narraciones independientes que comparten y escenifican el mismo t&#xF3;pico com&#xFA;n: la soledad. La soledad de Madrona, mujer de la alta burgues&#xED;a barcelonesa en sus intentos por reunificar a la familia alrededor de la mesa de Navidad. La soledad de Julio Matasanz, su marido, especialista en literatura medieval y prisionero de su ensimismamiento y sus costumbres. La soledad de Pedro, ahijado de ambos, y Myriam, su mujer, modernos Erec y Enide que se debaten entre su futuro y su presente en medio de la selva guatemalteca. Como en casi toda la obra de V&#xE1;zquez Montalb&#xE1;n, vida y cultura no siempre se compaginan, y en este caso, como en la leyenda art&#xFA;rica que da t&#xED;tulo al libro, propone la necesidad de construir las relaciones, de alimentarlas d&#xED;a tras d&#xED;a, para que los avatares de la existencia no acaben por destruir el amor.</subfield>
  </datafield>
  <datafield tag="520" ind1=" " ind2=" ">
    <subfield code="a">Three interwoven stories; three independent narratives that share and portray the same central theme: loneliness. The loneliness of Madrona, a woman from Barcelona&#x2019;s upper bourgeoisie, in her attempts to reunite the family around the Christmas table. The loneliness of Julio Matasanz, her husband, a specialist in medieval literature, imprisoned by his introspection and routines. The loneliness of Pedro, their godson, and Myriam, his wife&#x2014;modern-day Erec and Enide&#x2014;caught between their future and present in the midst of the Guatemalan jungle.

As in much of V&#xE1;zquez Montalb&#xE1;n&#x2019;s work, life and culture do not always go hand in hand, and in this case&#x2014;just as in the Arthurian legend that gives the book its title&#x2014;the story suggests the need to build relationships and to nourish them day by day, so that the trials of life do not end up destroying love.</subfield>
  </datafield>
  <datafield tag="650" ind1=" " ind2="0">
    <subfield code="a">Family relationships</subfield>
    <subfield code="v">Fiction</subfield>
  </datafield>
  <datafield tag="942" ind1=" " ind2=" ">
    <subfield code="2">lcc</subfield>
  </datafield>
  <datafield tag="952" ind1=" " ind2=" ">
    <subfield code="0">0</subfield>
    <subfield code="1">0</subfield>
    <subfield code="2">lcc</subfield>
    <subfield code="4">0</subfield>
    <subfield code="7">0</subfield>
    <subfield code="a">TBS</subfield>
    <subfield code="b">TBS</subfield>
    <subfield code="d">2025-05-14</subfield>
    <subfield code="l">0</subfield>
    <subfield code="o">P-SP VAZ</subfield>
    <subfield code="p">B02818</subfield>
    <subfield code="r">2025-05-14</subfield>
    <subfield code="t">1</subfield>
    <subfield code="w">2025-05-14</subfield>
    <subfield code="y">1</subfield>
  </datafield>
  <datafield tag="999" ind1=" " ind2=" ">
    <subfield code="c">4666</subfield>
    <subfield code="d">4666</subfield>
  </datafield>
</record>
